| 000 | 00413nam a2200145Ia 4500 | ||
|---|---|---|---|
| 008 | 170224s9999 xx 000 0 und d | ||
| 100 | _aDavid E. Stout | ||
| 245 | _aRegression Analysis: Instructional Resource for Cost/Managerial Accounting | ||
| 245 | _cDavid E. Stout | ||
| 260 | _bAccounting Education | ||
| 260 | _c2015 | ||
| 300 | _a24:1, Pages: 57-73 | ||
| 650 | _xAccountancy | ||
| 650 | _xAccounting | ||
| 999 |
_c316128 _d316128 |
||